Score 0/25 Timer 06:00
0 Plays Today
column % Correct
Brad Pitt
92.1%
Beyoncé Knowles
91.2%
Britney Spears
88.6%
Bono
87.3%
Betty White
86.4%
Ben Affleck
80.5%
Barbara Walters
80.3%
Bruce Springsteen
80.2%
Bob Dylan
79.3%
Bruno Mars
76.9%
Barbra Streisand
75.4%
Boy George
73.2%
Billy Joel
71.1%
column % Correct
Barry Manilow
71.1%
Burt Reynolds
70.3%
Brooke Shields
68.1%
Bette Davis
66.5%
Buddy Holly
63.7%
Bing Crosby
63%
Bea Arthur
57.1%
Blake Lively
51.1%
Billie Holiday
48.4%
Bonnie Franklin
36.9%
Brigitte Bardot
33.6%
Bryan Adams
25.8%
Remove Ads.
Support Sporcle.
Get the best of Sporcle when you Go Orange. This ad-free experience offers more features, more stats, and more fun while also helping to support Sporcle. Thank you for becoming a member.

You're not logged in!

Compare scores with friends on all Sporcle quizzes.
OR
Log In

Show Comments

Extras

Top Quizzes Today


Score Distribution

Your Account Isn't Verified!

In order to create a playlist on Sporcle, you need to verify the email address you used during registration. Go to your Sporcle Settings to finish the process.

Report this User

Report this user for behavior that violates our Community Guidelines.

Details: